00642nam a22002297a 450000500170000000800410001701000140005802000260007202000150009803500130011303700130012604000080013908200110014710000140015824500590017225000120023126000480024327000430029130000300033450000190036465000290038320091027113530.0091027t xxu||||| |||| 00| 0 eng d aENG-95217 a9780070151383c425.00 a0070151385 aEN-78750 bDBAD/PUB aDPL a660.63 aRao, D.G. aIntroduction to biochemical engineering /cby D.G. Rao a2nd ed. aNew DelhibTata MaGraw Hill Educationc2010 a7, West Patel NagarbNew Delhie110008 axiii, 480p.c24 cm (Pbk). aIncludes index aBiochemical engineering